00507nam a2200157Ia 4500003000900000008004100009020001800050040001600068080001500084100001900099245010300118260006800221300001100289650001900300650003000319IN-BaIIA211028s9999 xx 000 0 eng d a0-87044-764-5 cIIA Library a83.86bGAR aGarrett, W. E. 0aNational Geographic Index 1888-1988cW. E. Garrett  aWashingtonbNational Aeronautics and Space Administrationc1989 a1215p. aNASA Thesaurus aNational Geographic Index